The world in perspective : a directory of world map projections

Αποθηκεύτηκε σε:
Λεπτομέρειες βιβλιογραφικής εγγραφής
Κύριος συγγραφέας: Canters, Frank
Άλλοι συγγραφείς: Decleir, Hugo
Μορφή: Βιβλίο
Γλώσσα:English
Δημοσίευση: Chichester : Wiley, 1989
Θέματα:
Ετικέτες: Προσθήκη ετικέτας
Δεν υπάρχουν, Καταχωρήστε ετικέτα πρώτοι!

MARC

LEADER 00000nam a2200000 i 4500
001 1/96434
008 950127s1989 eng d
020 |a 0-471-92147-5 
035 |l 10010180 
040 |a GR-MY-UA  |b gre  |e aacr 
041 0 |a eng 
082 0 |a 526.8 
100 1 |a Canters, Frank. 
245 1 4 |a The world in perspective :  |b a directory of world map projections /  |c Frank Canters and Hugo Decleir 
260 |a Chichester :   |b Wiley,   |c 1989 
300 |a 181 p.  |b ill. 
504 |a Includes bibliographical references and index 
650 0 0 |a Map projection. 
700 1 |a Decleir, Hugo. 
852 |a INST  |b LESVOS  |e 19950127  |h 526.8 CAN  |p 005100003120  |q 005100003120  |t BK  |y 0 
909 |a Λ  |b 037135 
950 |a 169-1994-09-06